Héroes de la diversidad : por qué las organizaciones necesitan aposar por la inclusión /

Gardado en:
Detalles Bibliográficos
Autor Principal: García-Valenzuela, Marta (autor.)
Outros autores: Jiménez Jiménez, Alicia (autor.)
Formato: Libro
Idioma:Lingua castelá
Publicado: Barcelona : Gestión 2000, [2019]
Edición:Primera edición : octubre de 2019.
Subjects:
Acceso en liña:https://elibro.unach.elogim.com/es/lc/unach/titulos/291209
Tags: Engadir etiqueta
Sen Etiquetas, Sexa o primeiro en etiquetar este rexistro!

MARC

LEADER 00000nam a2200000 i 4500
001 ELB291209
003 FINmELB
005 251223043422.0
006 m o u
007 cr cn|||||||||
008 251222s2019 sp o 000 0 spa d
020 |z 978-84-9875-492-6 
020 |a 9788498754957  |q (epub) 
035 |a (OCoLC)1564683449 
040 |a FINmELB  |b spa  |e rda  |c FINmELB 
050 4 |a HF5549.5.M5  |b G373 2019 
080 |a 316.72-054.57 
080 |a 658:005.5 
082 0 4 |a 658.3008  |2 23 
100 1 |a García-Valenzuela, Marta,  |e autor. 
240 1 0 |a Héroes de la diversidad 
245 1 0 |a Héroes de la diversidad :  |b por qué las organizaciones necesitan aposar por la inclusión /  |c Marta García-Valenzuela, Alicia Jiménez Jiménez. 
250 |a Primera edición : octubre de 2019. 
264 1 |a Barcelona :  |b Gestión 2000,  |c [2019] 
264 4 |c ©2019 
300 |a 1 recurso en línea 
336 |a texto  |b txt  |2 rdacontent/spa 
337 |a computadora  |b c  |2 rdamedia/spa 
338 |a recurso en línea  |b cr  |2 rdacarrier/spa 
588 |a Descripción basada en metadatos suministrados por el editor y otras fuentes. 
590 |a Recurso electrónico. Santa Fe, Arg.: elibro, 2025. Disponible vía World Wide Web. El acceso puede estar limitado para las bibliotecas afiliadas a elibro. 
650 4 |a Multiculturalismo. 
650 4 |a Dirección de empresas. 
655 4 |a Libros electrónicos. 
700 1 |a Jiménez Jiménez, Alicia,  |e autor. 
797 2 |a elibro, Corp. 
856 4 0 |u https://elibro.unach.elogim.com/es/lc/unach/titulos/291209